| 000 | 00603nam a22001937a 4500 | ||
|---|---|---|---|
| 005 | 20231122125215.0 | ||
| 010 | _aENG-138285 | ||
| 020 |
_c400.00 _a9788170547006 |
||
| 035 | _aEN-121817 | ||
| 037 | _bDBAD/PUB | ||
| 082 | _a649.122 | ||
| 100 |
_aRenu _958958 |
||
| 245 |
_aMother's Relation to new born baby/ _cby Renu kumari |
||
| 260 |
_aKarampura _bB. K. Taneja Classical Publishing Company _c2016 |
||
| 270 |
_bNew Delhi _a28- Shopping Center, Karampura _e110015 |
||
| 300 |
_a128p. _c23cm (hb) |
||
| 700 |
_aBanik , Sharmila Dutta _958942 |
||
| 942 |
_2ddc _cEN _h649.122 _mREN |
||
| 999 |
_c198819 _d198819 |
||